000 00682nam a2200229Ia 4500
003 OSt
005 20221005133833.0
006 a|||||r|||| 00| 0
007 ta
008 221004b |||||||| |||| 00| 0 pan d
024 _a62688
037 _cTextual
040 _aCRL
_cCRL
_bpan
041 _2pan
_apan
082 _aO153,2NVO,YD, K6
100 _aਵੋਹਰਾ, ਜਗਦੀF ਸਿੰਘ, ਂਚ.
_9642618
245 0 _aਯੁਗ ਦੇ ਹਨੇਰੇ
260 _c1966
650 _aਪੰਜਾਬੀ ਸਾਹਿਤ
942 _hO153,2NVO,YD, K6
_cTEXL
_2cc
999 _c1068037
_d1068037